000 00662nam a2200241Ia 4500
003 OSt
005 20260131095933.0
008 210719s2020 xx 000 0 und d
020 _a9789389305678
040 _cTr
041 _aeng
082 _a820.33 NATW
100 _aShatrujeet Nath
_9253375
245 _aWrath of the hellfires
260 _aAhmedabad
_bJaico Publishing House
_c2020
300 _axx,536
_bPB
365 _b499
_cRs
440 _aVikramaditya veergatha Book 4
_9253376
650 _aIndian English Fiction
_9253377
650 _aIndian English Literature
_9253378
906 _ahellfires ; Vikramaditya ; Wrath
942 _2ddc
_cBK
999 _c211893
_d211893